[Event "Copenhagen Chess Challenge 2016"]
[Site "Ballerup"]
[Date "2016.04.21"]
[Round "3"]
[White "Stuhr, Peter Sebastian"]
[Black "Andersen, Lars Ren"]
[Result "0-1"]
[WhiteElo "1957"]
[BlackElo "2194"]
[PlyCount "89"]
[EventDate "2016.04.20"]
[EventType "swiss"]
[EventRounds "9"]
[EventCountry "DEN"]

1. e4 c5 2. Nc3 g6 3. f4 Bg7 4. Nf3 Nc6 5. Bc4 e6 6. O-O Nge7 7. Qe1 O-O 8. Qh4
d5 9. f5 dxc4 10. f6 Nf5 11. exf5 Bxf6 12. Qxc4 exf5 13. Qxc5 Bd4+ 14. Nxd4
Qxd4+ 15. Qxd4 Nxd4 16. b3 Rd8 17. Rb1 Nxc2 18. b4 Be6 19. Rb2 Nd4 20. d3 Rac8
21. Bg5 Rd7 22. Na4 b6 23. Be3 Kg7 24. Rf4 Nc2 25. Bxb6 axb6 26. Nxb6 Ne1 27.
Nxc8 Nxd3 28. Nb6 Rb7 29. Rff2 Rxb6 30. a4 Kf6 31. b5 Nxb2 32. Rxb2 Bd7 33. Kf2
Ke5 34. Ke3 f4+ 35. Kd3 Kd5 36. Rb4 Rd6 37. Rxf4 Kc5+ 38. Kc3 Be6 39. g3 h5 40.
Re4 Rd1 41. Re5+ Kd6 42. Re3 Rb1 43. Kd4 Rb4+ 44. Kc3 Rxa4 45. Re2 0-1

[Event "Copenhagen Chess Challenge 2016"]
[Site "Ballerup"]
[Date "2016.04.21"]
[Round "3"]
[White "Rendboe, John Filip"]
[Black "Slettebo, Jan"]
[Result "1-0"]
[WhiteElo "2179"]
[BlackElo "2030"]
[PlyCount "57"]
[EventDate "2016.04.20"]
[EventType "swiss"]
[EventRounds "9"]
[EventCountry "DEN"]

1. d4 d5 2. c4 c6 3. Nc3 Nf6 4. Nf3 dxc4 5. a4 Bf5 6. e3 e6 7. Bxc4 Bb4 8. O-O
O-O 9. Qb3 Qe7 10. a5 c5 11. Ne5 Nc6 12. a6 Nxe5 13. dxe5 Ng4 14. f4 Bxc3 15.
Qxc3 Be4 16. h3 Nh6 17. Bd3 Bxd3 18. Qxd3 Rfd8 19. Qe4 Rab8 20. g4 b5 21. b3
Rd5 22. Ra2 Rbd8 23. Rc2 g6 24. Rff2 Rd1+ 25. Rf1 Qh4 26. Qf3 R1d5 27. Kg2 R8d7
28. Qf2 Qd8 29. e4 1-0

[Event "Copenhagen Chess Challenge 2016"]
[Site "Ballerup"]
[Date "2016.04.21"]
[Round "3"]
[White "Boe Olsen, Filip"]
[Black "Larsen, Preben R"]
[Result "1-0"]
[WhiteElo "2176"]
[BlackElo "1821"]
[PlyCount "73"]
[EventDate "2016.04.20"]
[EventType "swiss"]
[EventRounds "9"]
[EventCountry "DEN"]

1. d4 d5 2. Nf3 c6 3. Bf4 Nf6 4. e3 e6 5. c4 Nh5 6. Be5 Nd7 7. Nc3 Nhf6 8. Bg3
Nh5 9. Bd3 Be7 10. Rc1 Nxg3 11. hxg3 dxc4 12. Bxc4 Bf6 13. Ne4 Nb6 14. Nxf6+
Qxf6 15. Bd3 h6 16. a3 Nd7 17. g4 e5 18. g5 Qe7 19. gxh6 e4 20. Rh4 f5 21. Bxe4
fxe4 22. hxg7 Rg8 23. Qc2 Nf6 24. Ne5 Qxg7 25. Qb3 Rf8 26. g3 Qg8 27. Qb4 Qe6
28. Rc5 a5 29. Qd2 Qd6 30. Nc4 Qc7 31. d5 Ng4 32. Qd4 Qe7 33. dxc6 bxc6 34.
Nd6+ Kd8 35. Nxc8+ Kxc8 36. Rxc6+ Kb8 37. Rxg4 1-0

[Event "Copenhagen Chess Challenge 2016"]
[Site "Ballerup"]
[Date "2016.04.21"]
[Round "3"]
[White "Vesterli, Michael E"]
[Black "Overmark, Ole"]
[Result "1/2-1/2"]
[WhiteElo "2138"]
[BlackElo "1763"]
[PlyCount "91"]
[EventDate "2016.04.20"]
[EventType "swiss"]
[EventRounds "9"]
[EventCountry "DEN"]

1. d4 e6 2. c4 d5 3. Nc3 Nf6 4. cxd5 exd5 5. Bg5 Be7 6. Nf3 O-O 7. e3 Bg4 8. h3
Be6 9. Bd3 Nbd7 10. Qc2 h6 11. Bf4 c5 12. O-O a6 13. dxc5 Nxc5 14. Rfd1 Rc8 15.
Be5 Qa5 16. a3 Nxd3 17. Qxd3 Rfd8 18. b4 Qb6 19. Bd4 Qc6 20. Ne5 Qd6 21. b5 Nd7
22. Nxd7 Rxd7 23. Rdb1 Rdc7 24. Rb3 Rc4 25. f4 Qd7 26. Qe2 axb5 27. Nxb5 Rc2
28. Qd1 Bxh3 29. Rb2 Bf5 30. Rxc2 Bxc2 31. Qe2 Qf5 32. Nc3 Bd3 33. Nxd5 Bd6 34.
Qf3 Qg6 35. Nc3 b5 36. e4 Bc4 37. Nd1 Bc5 38. Bxc5 Rxc5 39. Ne3 Qf6 40. Rd1 Qh4
41. Nf5 Qf6 42. Qg3 Be6 43. Nd4 Qe7 44. e5 Rd5 45. Kh2 Qd8 46. Nxe6 1/2-1/2

[Event "Copenhagen Chess Challenge 2016"]
[Site "Ballerup"]
[Date "2016.04.21"]
[Round "3"]
[White "Kakulidis, Ellen"]
[Black "Kabadayi, Can"]
[Result "0-1"]
[WhiteElo "1892"]
[BlackElo "2174"]
[PlyCount "44"]
[EventDate "2016.04.20"]
[EventType "swiss"]
[EventRounds "9"]
[EventCountry "DEN"]

1. d4 Nf6 2. c4 g6 3. Nc3 d5 4. Bf4 Bg7 5. e3 c5 6. dxc5 Qa5 7. Rc1 O-O 8. cxd5
Ne4 9. Nf3 Nxc3 10. Qd2 Qxa2 11. Rxc3 Bxc3 12. Qxc3 Qb1+ 13. Kd2 Rd8 14. Bh6
Rxd5+ 15. Bd3 Rxd3+ 16. Qxd3 Qxb2+ 17. Ke1 Nc6 18. Nd4 Bg4 19. Qc2 Qa1+ 20. Kd2
Qxh1 21. Nxc6 bxc6 22. Qb2 Rd8+ 0-1

[Event "Copenhagen Chess Challenge 2016"]
[Site "Ballerup"]
[Date "2016.04.21"]
[Round "3"]
[White "Christophersen, David"]
[Black "Skovgaard, Ib"]
[Result "0-1"]
[WhiteElo "1764"]
[BlackElo "2050"]
[PlyCount "100"]
[EventDate "2016.04.20"]
[EventType "swiss"]
[EventRounds "9"]
[EventCountry "DEN"]

1. d4 d5 2. Nf3 Nf6 3. Bf4 c6 4. e3 Bf5 5. Bd3 Bxd3 6. Qxd3 Nbd7 7. Nbd2 e6 8.
c3 Be7 9. h3 O-O 10. O-O a5 11. a4 h6 12. Ne5 Nxe5 13. Bxe5 Nd7 14. Bg3 f5 15.
Nf3 c5 16. Ne5 Nxe5 17. Bxe5 c4 18. Qe2 Ra6 19. Rfb1 Rb6 20. Qc2 Rb3 21. g4 Bd6
22. Bxd6 Qxd6 23. f4 fxg4 24. hxg4 Qb6 25. Ra3 e5 26. Rxb3 cxb3 27. Qg2 e4 28.
Kf2 Qc6 29. Ra1 Qc4 30. Qf1 Qxf1+ 31. Kxf1 g5 32. f5 h5 33. gxh5 Rxf5+ 34. Ke2
Kg7 35. Ra3 g4 36. Rxb3 g3 37. Rxb7+ Kh6 38. Rb8 Rf2+ 39. Ke1 Rf3 40. Ke2 Kxh5
41. b4 Rf2+ 42. Ke1 Ra2 43. b5 Kg4 44. b6 g2 45. Rg8+ Kf3 46. b7 Rb2 47. Kd1
Rxb7 48. Kc2 Rh7 49. Kd2 Rh4 50. Rf8+ Kg3 0-1

[Event "Copenhagen Chess Challenge 2016"]
[Site "Ballerup"]
[Date "2016.04.21"]
[Round "3"]
[White "Karlsson, Ulf"]
[Black "Allam, Dariusz"]
[Result "1/2-1/2"]
[WhiteElo "2026"]
[BlackElo "1922"]
[PlyCount "85"]
[EventDate "2016.04.20"]
[EventType "swiss"]
[EventRounds "9"]
[EventCountry "DEN"]

1. e4 d6 2. Nc3 Nf6 3. g3 g6 4. Bg2 c5 5. d3 Nc6 6. Nge2 Bg7 7. f4 Rb8 8. h3
Nd7 9. g4 a6 10. O-O Nd4 11. Ng3 e6 12. Nce2 b5 13. c3 Nxe2+ 14. Qxe2 b4 15. c4
O-O 16. Be3 a5 17. Qd2 Ba6 18. Rab1 Nb6 19. f5 Qh4 20. Ne2 h6 21. Bf2 Qd8 22.
Bg3 e5 23. fxg6 fxg6 24. Rxf8+ Qxf8 25. Rf1 Qe7 26. Bf2 Kh7 27. Ng3 Bc8 28. Ra1
Be6 29. Nf1 Bf6 30. Be3 Bg5 31. Bxg5 Qxg5 32. Qxg5 hxg5 33. Nd2 Na4 34. Rb1 Nb6
35. Kf2 Rf8+ 36. Ke3 a4 37. Bf3 Kg7 38. Be2 Rh8 39. Bf1 Nd7 40. Nf3 Kh6 41. Be2
Rf8 42. Bd1 Nb6 43. Be2 1/2-1/2

[Event "Copenhagen Chess Challenge 2016"]
[Site "Ballerup"]
[Date "2016.04.21"]
[Round "3"]
[White "Christensen, Allan Toftegaard"]
[Black "De Seroux, Camille"]
[Result "0-1"]
[WhiteElo "1711"]
[BlackElo "2125"]
[PlyCount "44"]
[EventDate "2016.04.20"]
[EventType "swiss"]
[EventRounds "9"]
[EventCountry "DEN"]

1. d4 Nf6 2. Nf3 g6 3. c4 Bg7 4. Nc3 O-O 5. Bf4 d6 6. Qd2 c5 7. dxc5 dxc5 8.
Qc2 Nc6 9. Rd1 Qa5 10. a3 Bf5 11. Qd2 Rfd8 12. Nd5 Nxd5 13. Qxa5 Nxa5 14. cxd5
Bxb2 15. Nd2 Bc3 16. Rc1 Bxd2+ 17. Bxd2 Nb3 18. g4 Nxc1 19. gxf5 Nb3 20. e4
Nxd2 21. Kxd2 gxf5 22. Rg1+ Kf8 0-1

[Event "Copenhagen Chess Challenge 2016"]
[Site "Ballerup"]
[Date "2016.04.21"]
[Round "3"]
[White "Fredericia, Louise Winther"]
[Black "Andersen, Daniel"]
[Result "1-0"]
[WhiteElo "2127"]
[BlackElo "1956"]
[PlyCount "151"]
[EventDate "2016.04.20"]
[EventType "swiss"]
[EventRounds "9"]
[EventCountry "DEN"]

1. e4 Nf6 2. e5 Nd5 3. d4 d6 4. Nf3 Bg4 5. Be2 Nc6 6. O-O e6 7. c4 Nb6 8. exd6
cxd6 9. b3 Be7 10. Bb2 Bf6 11. Nc3 d5 12. c5 Nd7 13. Nb5 Nxc5 14. Ne5 Bxe2 15.
Qxe2 a6 16. dxc5 axb5 17. Qxb5 Ra5 18. Qe2 Nxe5 19. b4 Ra4 20. Bxe5 Rxb4 21.
Rab1 Rxb1 22. Rxb1 Qd7 23. Bxf6 gxf6 24. Qb2 O-O 25. Qxf6 d4 26. Kf1 Qd5 27.
Rd1 Rd8 28. Rd3 e5 29. f3 Re8 30. Qg5+ Kf8 31. Qh6+ Ke7 32. Qxh7 Rc8 33. Qh4+
Kd7 34. Qg4+ Kc7 35. Qe4 Kc6 36. Rd2 Ra8 37. Rb2 Qxe4 38. fxe4 Rg8 39. Rb6+
Kxc5 40. Rxb7 Rg4 41. Rxf7 Rxe4 42. Rd7 Kc4 43. Kf2 Kd3 44. a4 Re2+ 45. Kf1 Ke3
46. Rd5 Kd3 47. h4 Ra2 48. Rxe5 Rxa4 49. Re2 Kc3 50. h5 d3 51. Re1 Rf4+ 52. Kg1
d2 53. Ra1 Kb2 54. Rd1 Kc2 55. Ra1 Rb4 56. Kf2 Rb1 57. Ra2+ Rb2 58. Ra1 d1=Q
59. Rxd1 Kxd1+ 60. Kf3 Ke1 61. g4 Rf2+ 62. Kg3 Ke2 63. g5 Ke3 64. h6 Rf1 65. h7
Rh1 66. g6 Rg1+ 67. Kh2 Rxg6 68. h8=Q Kf4 69. Qd4+ Kf5 70. Kh3 Re6 71. Kg3 Re4
72. Qd7+ Ke5 73. Kf3 Rf4+ 74. Ke3 Re4+ 75. Kd3 Kf4 76. Qf7+ 1-0

[Event "Copenhagen Chess Challenge 2016"]
[Site "Ballerup"]
[Date "2016.04.21"]
[Round "3"]
[White "Marthedal, Anton Mehmet Yildiz"]
[Black "Andersen, Kim Nyvang"]
[Result "0-1"]
[WhiteElo "1941"]
[BlackElo "1996"]
[PlyCount "84"]
[EventDate "2016.04.20"]
[EventType "swiss"]
[EventRounds "9"]
[EventCountry "DEN"]

1. d4 Nf6 2. Nf3 g6 3. Bg5 Bg7 4. e3 d6 5. Bd3 h6 6. Bh4 g5 7. Bg3 Nh5 8. Nbd2
Nd7 9. Qe2 e5 10. O-O-O Qe7 11. dxe5 Nxg3 12. hxg3 Nxe5 13. Nxe5 Qxe5 14. Bb5+
Kd8 15. c3 a6 16. Bc4 b5 17. Bxf7 b4 18. Nf3 Qf6 19. Bd5 Rb8 20. Nd4 Bd7 21. c4
c5 22. Nb3 Kc7 23. Rd2 Bf5 24. Qf3 g4 25. Qf4 Qe5 26. Rh5 Qxf4 27. gxf4 Bg6 28.
Rh4 h5 29. g3 Bf6 30. Rh1 h4 31. gxh4 Bxh4 32. Be6 Be4 33. Rg1 Bf3 34. Bd5 Bxd5
35. cxd5 Rbg8 36. Na5 Bf6 37. Nc4 Rh2 38. f3 g3 39. Rdg2 Bh4 40. Kc2 Rh8 41.
Kb3 Rf8 42. Nd2 Rf5 0-1

[Event "Copenhagen Chess Challenge 2016"]
[Site "Ballerup"]
[Date "2016.04.21"]
[Round "3"]
[White "Sorensen, Per Settergren"]
[Black "Kallenbach, Uffe"]
[Result "1-0"]
[WhiteElo "1979"]
[BlackElo "1694"]
[PlyCount "58"]
[EventDate "2016.04.20"]
[EventType "swiss"]
[EventRounds "9"]
[EventCountry "DEN"]

1. e4 c5 2. Nc3 Nc6 3. Nf3 e6 4. d4 cxd4 5. Nxd4 Nf6 6. Ndb5 d6 7. Bf4 e5 8.
Bg5 a6 9. Na3 b5 10. Nd5 Be6 11. c3 Bxd5 12. Bxf6 gxf6 13. Qxd5 Qb6 14. g3 Be7
15. Bg2 O-O 16. O-O Rac8 17. Nc2 Nd8 18. Ne3 Ne6 19. Bh3 Rc5 20. Qb3 Ng5 21.
Bf5 h6 22. Qd1 Rb8 23. Qg4 Kh8 24. h4 Nh7 25. Qh5 Bf8 26. Rad1 Bg7 27. Rd3 Qc7
28. Rfd1 Rc6 29. Ng4 Kg8 1-0

[Event "Copenhagen Chess Challenge 2016"]
[Site "Ballerup"]
[Date "2016.04.21"]
[Round "3"]
[White "Philipsen, William Horup"]
[Black "Sundin, Sven-Ingvar"]
[Result "1-0"]
[WhiteElo "1970"]
[BlackElo "1633"]
[PlyCount "43"]
[EventDate "2016.04.20"]
[EventType "swiss"]
[EventRounds "9"]
[EventCountry "DEN"]

1. e4 e5 2. d4 exd4 3. c3 dxc3 4. Bc4 d5 5. Bxd5 Qe7 6. Nxc3 c6 7. Bb3 Be6 8.
Nf3 Nd7 9. Bg5 f6 10. Bf4 O-O-O 11. O-O g5 12. Bg3 Ne5 13. Nd5 Nxf3+ 14. Qxf3
Qf7 15. Rac1 Bd6 16. Rfd1 g4 17. Qe3 Kb8 18. Nb4 Qe7 19. Rxd6 Rxd6 20. Rxc6
bxc6 21. Nxc6+ Kb7 22. Qxa7+ 1-0

[Event "Copenhagen Chess Challenge 2016"]
[Site "Ballerup"]
[Date "2016.04.21"]
[Round "3"]
[White "Holmstrom, Johan Ravnborg"]
[Black "Tandrup, Michael"]
[Result "1/2-1/2"]
[WhiteElo "1932"]
[BlackElo "1961"]
[PlyCount "41"]
[EventDate "2016.04.20"]
[EventType "swiss"]
[EventRounds "9"]
[EventCountry "DEN"]

1. d4 Nf6 2. Nf3 g6 3. Bf4 Bg7 4. e3 c5 5. c3 b6 6. Nbd2 Bb7 7. h3 O-O 8. Bd3
d6 9. O-O Nbd7 10. Re1 d5 11. Bh2 h5 12. e4 dxe4 13. Nxe4 cxd4 14. Nxd4 Nxe4
15. Bxe4 Bxe4 16. Rxe4 Rc8 17. Qe2 e5 18. Nb3 f5 19. Rc4 Qe7 20. Rxc8 Rxc8 21.
Rd1 1/2-1/2

[Event "Copenhagen Chess Challenge 2016"]
[Site "Ballerup"]
[Date "2016.04.22"]
[Round "4"]
[White "Hector, Jonny"]
[Black "Englert, Fabian"]
[Result "1-0"]
[WhiteElo "2493"]
[BlackElo "2391"]
[PlyCount "109"]
[EventDate "2016.04.20"]
[EventType "swiss"]
[EventRounds "9"]
[EventCountry "DEN"]

1. e4 Nf6 2. Nc3 d5 3. e5 Nfd7 4. f4 e6 5. Nf3 c5 6. g3 Nc6 7. Bg2 Be7 8. O-O
O-O 9. d4 cxd4 10. Ne2 Nc5 11. Nexd4 Bd7 12. Be3 Rc8 13. Kh1 a6 14. Qe2 Ne4 15.
Rad1 Bc5 16. c4 Qc7 17. cxd5 exd5 18. Nc2 Nb4 19. Nxb4 Bxb4 20. Rxd5 Bb5 21.
Rxb5 axb5 22. Nd4 f5 23. a3 Be7 24. Nxf5 Rxf5 25. Bxe4 Rff8 26. Qxb5 Kh8 27.
Qe2 Qc4 28. Qf3 b5 29. f5 b4 30. axb4 Qxb4 31. f6 Bxf6 32. exf6 Rxf6 33. Bf4
Qxb2 34. Bb1 Qb5 35. Re1 Re8 36. Rxe8+ Qxe8 37. Qd3 Rg6 38. h4 Qg8 39. Kh2 Rb6
40. Be5 h6 41. Bc2 Rc6 42. Qf5 Re6 43. Be4 Re7 44. Kg1 Re8 45. g4 Re7 46. Bb2
Re6 47. Bc3 Re7 48. Qg6 Re6 49. Bxg7+ Qxg7 50. Qxe6 Qd4+ 51. Kf1 Qd1+ 52. Kf2
Qd2+ 53. Kf3 Qd1+ 54. Kf4 Qc1+ 55. Kf5 1-0

[Event "Copenhagen Chess Challenge 2016"]
[Site "Ballerup"]
[Date "2016.04.22"]
[Round "4"]
[White "Thybo, Jesper Sondergaard"]
[Black "Getz, Nicolai"]
[Result "0-1"]
[WhiteElo "2358"]
[BlackElo "2408"]
[PlyCount "78"]
[EventDate "2016.04.20"]
[EventType "swiss"]
[EventRounds "9"]
[EventCountry "DEN"]

1. d4 Nf6 2. c4 e6 3. g3 d5 4. Nf3 Be7 5. Bg2 O-O 6. O-O dxc4 7. Qc2 a6 8. a4
Bd7 9. Qxc4 Bc6 10. Bg5 Nbd7 11. Nc3 h6 12. Bxf6 Nxf6 13. Rfe1 Qd6 14. e4 Qb4
15. Qe2 Rfe8 16. Qc2 Red8 17. Rad1 Bf8 18. Rd2 Rac8 19. Bh3 Rb8 20. Bf1 Qb6 21.
Bd3 Bb4 22. Qb3 Bxc3 23. Qxc3 Bxa4 24. Bb1 Qb3 25. Qa5 Qxf3 26. Qxa4 Qh5 27.
Kg2 c5 28. e5 Ne8 29. Red1 b5 30. Qxa6 Rxd4 31. Rxd4 cxd4 32. Re1 Qg5 33. Qa7
Qd8 34. Qc5 Qd7 35. Rd1 Rd8 36. Be4 Qc7 37. Qxb5 Rb8 38. Rc1 Rxb5 39. Rxc7 Nxc7
0-1

[Event "Copenhagen Chess Challenge 2016"]
[Site "Ballerup"]
[Date "2016.04.22"]
[Round "4"]
[White "Jorgensen, Dennis"]
[Black "Andersen, Mads"]
[Result "0-1"]
[WhiteElo "2201"]
[BlackElo "2504"]
[PlyCount "66"]
[EventDate "2016.04.20"]
[EventType "swiss"]
[EventRounds "9"]
[EventCountry "DEN"]

1. d4 Nf6 2. Nf3 g6 3. g3 Bg7 4. Bg2 d5 5. O-O c6 6. c3 O-O 7. Bf4 Nbd7 8. Ne5
Nh5 9. Nxd7 Bxd7 10. Bd2 Bf5 11. Na3 Qd7 12. Re1 Rad8 13. Nc2 Rfe8 14. Nb4 e5
15. dxe5 Rxe5 16. Nd3 Re7 17. Bg5 Nf6 18. Nc5 Qd6 19. Nb3 Rde8 20. Nd4 Bc8 21.
Qd2 Qc7 22. Bf4 Qb6 23. Bf3 Ne4 24. Bxe4 Rxe4 25. Nb3 Bg4 26. Nc1 Qb5 27. e3 d4
28. cxd4 Bf3 29. Qd3 Qf5 30. Qf1 g5 31. Bc7 Qd7 32. Ba5 Rh4 33. Nb3 Rxh2 0-1

[Event "Copenhagen Chess Challenge 2016"]
[Site "Ballerup"]
[Date "2016.04.22"]
[Round "4"]
[White "Sylvan, Jacob"]
[Black "Danielsen, Henrik"]
[Result "0-1"]
[WhiteElo "2327"]
[BlackElo "2480"]
[PlyCount "48"]
[EventDate "2016.04.20"]
[EventType "swiss"]
[EventRounds "9"]
[EventCountry "DEN"]

1. e4 g6 2. d4 d6 3. Nc3 Bg7 4. f4 Nf6 5. Nf3 O-O 6. Bd3 Na6 7. e5 Nd7 8. e6
fxe6 9. Ng5 Nf6 10. h4 Nb4 11. h5 Nxd3+ 12. Qxd3 Qe8 13. hxg6 Qxg6 14. Qe2 h6
15. Nxe6 Bxe6 16. Qxe6+ Rf7 17. Qe2 Ng4 18. Rh4 h5 19. Be3 Nxe3 20. Qxe3 Qxc2
21. Rxh5 Qxb2 22. Rb1 Qxg2 23. Ne2 c5 24. d5 Qg6 0-1

[Event "Copenhagen Chess Challenge 2016"]
[Site "Ballerup"]
[Date "2016.04.22"]
[Round "4"]
[White "Haub, Thorsten Michael"]
[Black "Kristensen, Kaare Hove"]
[Result "1/2-1/2"]
[WhiteElo "2359"]
[BlackElo "2341"]
[PlyCount "97"]
[EventDate "2016.04.20"]
[EventType "swiss"]
[EventRounds "9"]
[EventCountry "DEN"]

1. g3 c5 2. Bg2 Nc6 3. e4 g6 4. d3 Bg7 5. Nd2 e5 6. Ngf3 Nge7 7. O-O O-O 8. c3
d5 9. exd5 Nxd5 10. Nc4 h6 11. Re1 Re8 12. a4 Bf5 13. Nh4 Be6 14. a5 Qc7 15.
Nf3 Rad8 16. Qa4 Bf5 17. Bf1 Nf6 18. Qb5 Bxd3 19. Qxc5 Rd5 20. Qe3 Ng4 21. Qxd3
Rxd3 22. Bxd3 f5 23. Nh4 e4 24. Be2 Nge5 25. Bf4 g5 26. Bxe5 Nxe5 27. Nxf5 Nxc4
28. Bxc4+ Qxc4 29. Nd6 Qc6 30. Nxe8 Qxe8 31. Re3 Qb5 32. b4 Qc4 33. Rae1 Kh7
34. h3 Kg6 35. g4 h5 36. Rxe4 Qxc3 37. R1e3 Qc1+ 38. Re1 Qd2 39. R1e2 Qd1+ 40.
Re1 Qf3 41. R1e3 Qf7 42. Re6+ Bf6 43. Rd6 hxg4 44. hxg4 Qc4 45. Ree6 Qxg4+ 46.
Kf1 Qc4+ 47. Kg2 Qg4+ 48. Kf1 Qc4+ 49. Kg2 1/2-1/2

[Event "Copenhagen Chess Challenge 2016"]
[Site "Ballerup"]
[Date "2016.04.22"]
[Round "4"]
[White "Demuth, Adrien"]
[Black "Haugli, Petter"]
[Result "1-0"]
[WhiteElo "2550"]
[BlackElo "2259"]
[PlyCount "99"]
[EventDate "2016.04.20"]
[EventType "swiss"]
[EventRounds "9"]
[EventCountry "DEN"]

1. c4 c6 2. Nf3 d5 3. d4 Nf6 4. Qc2 dxc4 5. e4 b5 6. b3 cxb3 7. axb3 g6 8. Be2
Bg7 9. O-O O-O 10. b4 a5 11. bxa5 Rxa5 12. Rxa5 Qxa5 13. Nbd2 Bg4 14. Bb2 Rc8
15. Ra1 Qb6 16. Ba3 Qb7 17. Nb3 Na6 18. h3 Be6 19. Nc5 Nxc5 20. Bxc5 Nd7 21.
Bxe7 Ne5 22. Nxe5 Bxe5 23. Bc5 Bg7 24. Ra7 Qb8 25. Bg4 Bxg4 26. hxg4 Qf4 27.
Qa2 Bf8 28. g3 Qf6 29. g5 Qe6 30. Qxe6 fxe6 31. Bxf8 Rxf8 32. Rc7 Rd8 33. Rxc6
Rxd4 34. Rxe6 b4 35. f3 Rd2 36. Re8+ Kf7 37. Rh8 b3 38. Rxh7+ Ke6 39. Rg7 b2
40. Rxg6+ Ke5 41. Rb6 Rd1+ 42. Kg2 b1=Q 43. Rxb1 Rxb1 44. Kh3 Rh1+ 45. Kg4 Rh8
46. f4+ Kxe4 47. g6 Rf8 48. Kg5 Kf3 49. g7 Rg8 50. Kg6 1-0

[Event "Copenhagen Chess Challenge 2016"]
[Site "Ballerup"]
[Date "2016.04.22"]
[Round "4"]
[White "Semcesen, Daniel"]
[Black "Boe, Mads"]
[Result "1/2-1/2"]
[WhiteElo "2454"]
[BlackElo "2303"]
[PlyCount "133"]
[EventDate "2016.04.20"]
[EventType "swiss"]
[EventRounds "9"]
[EventCountry "DEN"]

1. c4 e6 2. Nc3 f5 3. Nf3 Nf6 4. g3 d5 5. cxd5 exd5 6. Bg2 c6 7. e3 Bd6 8. b3
O-O 9. Bb2 Qe7 10. O-O Be6 11. Qc2 Nbd7 12. Ne2 a5 13. a3 g6 14. d3 Bf7 15.
Rfe1 Rfe8 16. Ned4 h6 17. Qd2 Kh7 18. Bc3 Bxa3 19. Bxa5 Bd6 20. Bc3 Qf8 21. b4
Rxa1 22. Rxa1 Ra8 23. Rxa8 Qxa8 24. Qb2 Be7 25. Nd2 Ne8 26. e4 dxe4 27. dxe4
fxe4 28. Nxe4 Qa2 29. Qc1 Nef6 30. h4 Nd5 31. Bd2 Bf8 32. b5 cxb5 33. Nxb5 Qa6
34. Nd4 Bg7 35. Nf3 Qc6 36. Qb1 Kg8 37. Bf1 N5f6 38. Nxf6+ Nxf6 39. Bg2 Ne4 40.
Be3 Bd5 41. Nd4 Qe8 42. h5 gxh5 43. Nf5 Bf8 44. Qd1 Bc6 45. Nxh6+ Bxh6 46. Bxh6
Nf6 47. f3 Qd7 48. Qa1 Qf5 49. Qc3 Qg6 50. Bf4 Nd5 51. Qb3 Qe6 52. Bd2 Kf8 53.
Qd3 Qf6 54. f4 Ne7 55. Bc3 Qf5 56. Bf1 Qd5 57. Bb4 Ke8 58. Qe3 Qe4 59. Qxe4
Bxe4 60. Be2 Bg6 61. Kf2 Nd5 62. Bb5+ Kd8 63. Ba5+ Ke7 64. Kf3 Bf5 65. Bd2 Kd6
66. Ke2 Bg6 67. Bc4 1/2-1/2

[Event "Copenhagen Chess Challenge 2016"]
[Site "Ballerup"]
[Date "2016.04.22"]
[Round "4"]
[White "Hoi, Carsten"]
[Black "Rendboe, John Filip"]
[Result "1-0"]
[WhiteElo "2393"]
[BlackElo "2179"]
[PlyCount "112"]
[EventDate "2016.04.20"]
[EventType "swiss"]
[EventRounds "9"]
[EventCountry "DEN"]

1. d4 d5 2. c4 e6 3. Nc3 Be7 4. Nf3 Nf6 5. Bg5 O-O 6. e3 h6 7. Bxf6 Bxf6 8.
cxd5 exd5 9. Rc1 c6 10. Bd3 Be6 11. O-O Nd7 12. Ne2 Re8 13. h3 Qe7 14. Nf4 Nf8
15. a3 Bd7 16. Nh5 g6 17. Nxf6+ Qxf6 18. Ne5 Bf5 19. Qf3 Kg7 20. Bxf5 Qxf5 21.
Qxf5 gxf5 22. g3 Ng6 23. Nd3 Kf6 24. Kg2 Re7 25. Kf3 Rh8 26. b4 a6 27. a4 Ke6
28. b5 axb5 29. axb5 Kd6 30. bxc6 bxc6 31. Ra1 Rb8 32. Rfb1 Reb7 33. Rxb7 Rxb7
34. Ra2 Rc7 35. Ra8 Ke6 36. Nc5+ Kf6 37. Rd8 Ke7 38. Ra8 Kf6 39. h4 h5 40. Na6
Rb7 41. Rc8 Ne7 42. Rd8 Rb2 43. Rd6+ Kg7 44. Nc5 Rc2 45. Nd3 Nc8 46. Rd8 Nb6
47. Nf4 Nc4 48. Nxh5+ Kh7 49. Nf6+ Kg6 50. Nd7 Nd2+ 51. Kf4 f6 52. h5+ Kxh5 53.
Kxf5 Kh6 54. Nxf6 Nc4 55. Rh8+ Kg7 56. Rh7+ Kf8 1-0

[Event "Copenhagen Chess Challenge 2016"]
[Site "Ballerup"]
[Date "2016.04.22"]
[Round "4"]
[White "Fries Nielsen, Jens Ove"]
[Black "Boe Olsen, Filip"]
[Result "1/2-1/2"]
[WhiteElo "2389"]
[BlackElo "2176"]
[PlyCount "82"]
[EventDate "2016.04.20"]
[EventType "swiss"]
[EventRounds "9"]
[EventCountry "DEN"]

1. e4 c6 2. Nc3 d5 3. exd5 cxd5 4. d4 Nc6 5. Bf4 Bf5 6. g4 Bg6 7. Bd3 e6 8.
Nge2 Nf6 9. f3 a6 10. h4 Bd6 11. Qd2 Bxd3 12. cxd3 Qc7 13. Bxd6 Qxd6 14. O-O-O
O-O-O 15. Kb1 Kb8 16. h5 Nd7 17. f4 f6 18. Qe3 e5 19. dxe5 fxe5 20. d4 e4 21.
f5 Nf6 22. g5 Ng8 23. Qf4 h6 24. f6 hxg5 25. fxg7 Rh7 26. Qxg5 Rd7 27. Rdg1
Rhxg7 28. Qxd5 Qxd5 29. Nxd5 Rxg1+ 30. Rxg1 Rxd5 31. Rxg8+ Ka7 32. h6 Rh5 33.
d5 Nb4 34. d6 Rh1+ 35. Nc1 e3 36. d7 e2 37. Re8 Nc6 38. Rxe2 Rxh6 39. Rd2 Rh8
40. Nb3 Rd8 41. Nc5 Nb8 1/2-1/2

[Event "Copenhagen Chess Challenge 2016"]
[Site "Ballerup"]
[Date "2016.04.22"]
[Round "4"]
[White "Haubro, Martin"]
[Black "Matthiesen, Martin"]
[Result "1-0"]
[WhiteElo "2345"]
[BlackElo "2377"]
[PlyCount "83"]
[EventDate "2016.04.20"]
[EventType "swiss"]
[EventRounds "9"]
[EventCountry "DEN"]

1. e4 e5 2. Nf3 Nc6 3. Bb5 a6 4. Ba4 Nf6 5. O-O Be7 6. Re1 b5 7. Bb3 d6 8. c3
O-O 9. h3 Nb8 10. d4 Nbd7 11. Nbd2 Bb7 12. Bc2 Re8 13. Nf1 Bf8 14. Ng3 g6 15.
a4 c5 16. d5 c4 17. Bg5 Be7 18. Qd2 Nc5 19. Bh6 Nfd7 20. Qe3 Nb6 21. axb5 axb5
22. Nh2 Rxa1 23. Rxa1 Nba4 24. Rb1 Bc8 25. f4 exf4 26. Qxf4 Bf8 27. Rf1 Bxh6
28. Qxh6 Qe7 29. Nf3 f6 30. e5 Qf8 31. Qh4 dxe5 32. Ng5 Re7 33. d6 Rg7 34. Nh5
f5 35. Nxg7 Qxg7 36. Nxh7 Be6 37. Ng5 Bd7 38. Bxa4 Nxa4 39. Nf3 e4 40. Qd8+ Kh7
41. Ng5+ Kh6 42. Rf4 1-0

[Event "Copenhagen Chess Challenge 2016"]
[Site "Ballerup"]
[Date "2016.04.22"]
[Round "4"]
[White "Andersen, Lars Ren"]
[Black "Nilssen, John Arni"]
[Result "0-1"]
[WhiteElo "2194"]
[BlackElo "2300"]
[PlyCount "80"]
[EventDate "2016.04.20"]
[EventType "swiss"]
[EventRounds "9"]
[EventCountry "DEN"]

1. d4 d5 2. c4 e6 3. Nc3 c6 4. cxd5 exd5 5. Nf3 Bd6 6. g3 Nf6 7. Bg2 O-O 8. O-O
Re8 9. Qc2 h6 10. b3 Bg4 11. e3 Qc8 12. Bb2 Bf5 13. Qd1 Qe6 14. Rc1 Nbd7 15.
Na4 Qe7 16. Qe2 Rac8 17. Rfe1 b5 18. Nc5 Nxc5 19. dxc5 Bxc5 20. Bxf6 gxf6 21.
Nh4 Bd7 22. Qh5 Ba3 23. Rcd1 Qe5 24. Qxh6 Qg5 25. Qxg5+ fxg5 26. Nf3 g4 27. Nd4
Bb2 28. Re2 Bc3 29. Rc2 b4 30. Ne2 Bf5 31. Rcc1 Bg7 32. Nd4 Bd7 33. Ne2 Be6 34.
Nf4 Bf5 35. Ne2 Red8 36. Nd4 Bd7 37. Ne2 a5 38. Rc5 a4 39. Ra5 a3 40. Rc5 Bf8
0-1